[Event "Wch U20 62nd"]
[Site "Petrovac"]
[Date "2025.03.04"]
[Round "8"]
[White "Peglau, Paul David"]
[Black "Neagu, Roberto Florin"]
[Result "0-1"]
[WhiteElo "1951"]
[BlackElo "2197"]
[PlyCount "88"]
[EventDate "2025.02.25"]
[EventType "swiss"]
[EventRounds "11"]
[EventCountry "MNE"]
[SourceTitle "CB11_2025"]
[SourceDate "2025.03.12"]
[SourceVersion "1"]
[SourceVersionDate "2025.03.12"]
[SourceQuality "1"]

1. Nf3 Nf6 2. g3 g6 3. b3 Bg7 4. Bb2 c5 5. c4 d6 6. Bg2 Nc6 7. 0-0 e5 8. e3 0-0 9. d4 exd4 10. exd4 Bg4 11. dxc5 dxc5 12. Nc3 Nd4 13. Nb5 Nxb5 14. cxb5 Qb6 15. a4 Rad8 16. Qc1 Bxf3 17. Bxf3 Ne8 18. Qc2 Bxb2 19. Qxb2 Ng7 20. Rad1 Nf5 21. Rfe1 Nd4 22. Bg2 Qf6 23. Rd2 b6 24. Re3 Rfe8 25. h4 Kg7 26. Kh1 h5 27. b4 Ne6 28. Bc6 Rxd2 29. Qxd2 Rd8 30. Qe1 cxb4 31. Kg2 Nd4 32. Be4 Qd6 33. Qd2 Nxb5 34. Rd3 Nd4 35. Qb2 a5 36. f4 Qf6 37. Qf2 Nf5 38. Bxf5 gxf5 39. Rxd8 Qxd8 40. Qf3 Qd2+ 41. Kh1 Qc1+ 42. Kh2 Qc2+ 43. Kg1 Qc3 44. Qf2 Qc5 0-1

[Event "Wch U20 62nd"]
[Site "Petrovac"]
[Date "2025.02.26"]
[Round "2"]
[White "Peglau, Paul David"]
[Black "Kozlovic, Jernej"]
[Result "0-1"]
[WhiteElo "1951"]
[BlackElo "2274"]
[PlyCount "72"]
[EventDate "2025.02.25"]
[EventType "swiss"]
[EventRounds "11"]
[EventCountry "MNE"]
[SourceTitle "CB11_2025"]
[SourceDate "2025.03.12"]
[SourceVersion "1"]
[SourceVersionDate "2025.03.12"]
[SourceQuality "1"]

1. d4 d5 2. c4 e6 3. Nf3 c5 4. cxd5 exd5 5. Bg5 Nf6 6. Nc3 Be6 7. Bxf6 Qxf6 8. e4 dxe4 9. Nxe4 Qf4 10. Bb5+ Nc6 11. Qe2 0-0-0 12. Bxc6 bxc6 13. 0-0 Bd5 14. Nxc5 Bxc5 15. dxc5 Bc4 16. Qe5 Qxe5 17. Nxe5 Bxf1 18. Kxf1 Rd2 19. Nxc6 Rxb2 20. Re1 Kb7 21. Na5+ Ka6 22. Nc4 Rc2 23. Nd6 Rb8 24. g4 Rbb2 25. Ne4 Rxa2 26. Re3 Rc4 27. Kg2 Ka5 28. Kf3 Kb4 29. Re1 Rb2 30. Rd1 g5 31. Nxg5 Rb3+ 32. Ke2 Rxg4 33. Nxf7 Re4+ 34. Kf1 Re7 35. Ng5 h6 36. Rd4+ Kxc5 0-1

[Event "Wch U20 62nd"]
[Site "Petrovac"]
[Date "2025.02.25"]
[Round "1"]
[White "Belkaid, Sohan"]
[Black "Peglau, Paul David"]
[Result "1-0"]
[WhiteElo "2370"]
[BlackElo "1951"]
[PlyCount "61"]
[EventDate "2025.02.25"]
[EventType "swiss"]
[EventRounds "11"]
[EventCountry "MNE"]
[SourceTitle "CB11_2025"]
[SourceDate "2025.03.12"]
[SourceVersion "1"]
[SourceVersionDate "2025.03.12"]
[SourceQuality "1"]

1. e4 e6 2. d4 d5 3. Nc3 Nf6 4. e5 Nfd7 5. f4 c5 6. Nf3 Nc6 7. Be3 cxd4 8. Nxd4 Qb6 9. Qd2 Qxb2 10. Rb1 Qa3 11. Bb5 Nxd4 12. Bxd4 a6 13. Rb3 Qe7 14. Ba4 g6 15. Bb6 Bh6 16. Bc7 b5 17. Bd6 Qh4+ 18. g3 Qh3 19. Bxb5 axb5 20. Nxb5 Ra4 21. Qc3 Re4+ 22. Kd1 Rc4 23. Nc7+ Kd8 24. Qa5 Qg4+ 25. Kc1 Rxc2+ 26. Kxc2 Qe2+ 27. Kc1 Qc4+ 28. Rc3 Bxf4+ 29. gxf4 Qxf4+ 30. Kb2 Qd2+ 31. Kb3 1-0

[Event "GER-chT Lands U20"]
[Site "Tuebingen"]
[Date "2024.10.03"]
[Round "1"]
[White "Goepfert, Gregor"]
[Black "Peglau, Paul David"]
[Result "0-1"]
[WhiteElo "1759"]
[BlackElo "1943"]
[PlyCount "86"]
[EventDate "2024.10.03"]
[EventType "team-swiss"]
[EventRounds "7"]
[EventCountry "GER"]
[SourceTitle "CB47_2024"]
[SourceDate "2024.11.20"]
[SourceVersion "1"]
[SourceVersionDate "2024.11.20"]
[SourceQuality "1"]

1. e4 c5 2. Nf3 e6 3. c4 Nc6 4. Nc3 Nf6 5. d4 cxd4 6. Nxd4 Bb4 7. Nxc6 dxc6 8. Qxd8+ Kxd8 9. Bd2 e5 10. Bd3 Be6 11. a3 Bd6 12. b4 Ke7 13. Ke2 Rhd8 14. f3 Rd7 15. Be3 Bc7 16. Rhd1 Bb6 17. c5 Bc7 18. a4 Rad8 19. Rd2 Rxd3 20. Rxd3 Bc4 21. Rad1 Nh5 22. g3 g6 23. Nb1 a5 24. Na3 Bxd3+ 25. Rxd3 axb4 26. Rxd8 Kxd8 27. Nc4 f5 28. Kd3 Kd7 29. Bg5 Ke6 30. Kc2 fxe4 31. fxe4 Nf6 32. Bxf6 Kxf6 33. Kb3 Kg5 34. h3 h5 35. Nd6 h4 36. g4 Kf4 37. Nxb7 Kxe4 38. a5 Kd4 39. Kxb4 e4 40. a6 e3 41. a7 e2 42. a8Q e1Q+ 43. Kb3 Qb1+ 0-1

[Event "EU-ch U12"]
[Site "Prague"]
[Date "2024.08.30"]
[Round "8"]
[White "Peglau, Paul David"]
[Black "Oikonomopoulos, Filippos"]
[Result "0-1"]
[WhiteElo "1943"]
[BlackElo "2088"]
[PlyCount "140"]
[EventDate "2024.08.22"]
[EventType "swiss"]
[EventRounds "9"]
[EventCountry "CZE"]
[SourceTitle "CBM 221 Extra"]
[Source "ChessBase"]
[SourceDate "2024.09.30"]
[SourceVersion "1"]
[SourceVersionDate "2024.09.30"]
[SourceQuality "1"]

1. Nf3 Nf6 2. c4 g6 3. Nc3 Bg7 4. g3 0-0 5. Bg2 d6 6. d3 e5 7. Bg5 c6 8. 0-0 Re8 9. Nd2 h6 10. Bxf6 Bxf6 11. Rb1 Be6 12. b4 Qc7 13. b5 Nd7 14. bxc6 bxc6 15. Qa4 Rec8 16. Rfc1 Nc5 17. Qa3 Be7 18. Nb3 Nxb3 19. Qxb3 Rab8 20. Qa4 Bd7 21. Rb3 Rb6 22. Rcb1 Rcb8 23. Qa3 Rxb3 24. Rxb3 Rb6 25. h4 Kg7 26. Qb2 Bd8 27. Qa3 Rxb3 28. axb3 f5 29. b4 f4 30. gxf4 Bxh4 31. fxe5 dxe5 32. Ne4 Be7 33. Qc3 Kh7 34. d4 exd4 35. Qxd4 Be6 36. c5 Qf4 37. e3 Qf8 38. Qe5 Bd7 39. Nd6 Qg7 40. Qxg7+ Kxg7 41. Nc4 Bf6 42. Na5 Bc3 43. Bxc6 Be6 44. Nb7 Bxb4 45. Be8 a5 46. Bb5 Kf6 47. c6 Bc8 48. Ba6 a4 49. Bc4 Ke7 50. f4 a3 51. Kf2 h5 52. Kg3 Be6 53. c7 Bc8 54. Nd8 Kd6 55. Ne6 Be1+ 56. Kf3 Ba5 57. e4 Bxc7 58. e5+ Kc6 59. Nf8 Bf5 60. Ke3 Bb6+ 61. Kf3 h4 62. Ba2 h3 63. Kg3 Bg1 64. e6 Kd6 65. Nxg6 h2 66. e7 Bxg6 67. f5 h1Q 68. fxg6 Qh2+ 69. Kf3 Kxe7 70. g7 Qxa2 0-1

[Event "EU-chT U12"]
[Site "Rhodes"]
[Date "2024.06.23"]
[Round "3"]
[White "Celebi, Mehmet Alper"]
[Black "Peglau, Paul David"]
[Result "1-0"]
[WhiteElo "1806"]
[BlackElo "1879"]
[PlyCount "135"]
[EventDate "2024.06.21"]
[EventType "team-swiss"]
[EventRounds "7"]
[EventCountry "GRE"]
[SourceTitle "CBM 221 Extra"]
[Source "ChessBase"]
[SourceDate "2024.09.30"]
[SourceVersion "1"]
[SourceVersionDate "2024.09.30"]
[SourceQuality "1"]
[WhiteTeam "Turkey U12"]
[BlackTeam "Germany U12"]
[WhiteTeamCountry "TUR"]
[BlackTeamCountry "GER"]

1. e4 c6 2. d4 d5 3. Nc3 dxe4 4. Nxe4 Nd7 5. Bc4 Ndf6 6. Ng5 e6 7. Qe2 h6 8. N5f3 Bd6 9. Ne5 Ne7 10. Ngf3 Qc7 11. Bf4 Ned5 12. Bg3 0-0 13. c3 b5 14. Bd3 Bb7 15. a4 bxa4 16. Rxa4 c5 17. dxc5 Qxc5 18. 0-0 Nb6 19. Rd4 Rfd8 20. Re1 Bxe5 21. Bxe5 Qe7 22. Rd1 Rxd4 23. Bxd4 Nbd5 24. Bc2 Nf4 25. Qe3 N6d5 26. Qe4 f5 27. Qe5 Ng6 28. Qg3 Ngf4 29. Re1 Ba6 30. Bxf5 Ne2+ 31. Rxe2 Bxe2 32. Bxe6+ Kh8 33. Qh3 Nf6 34. Ne5 Bh5 35. Bc4 Rf8 36. Qxh5 Nxh5 37. Ng6+ Kh7 38. Nxe7 Rb8 39. b4 a5 40. Bc5 Nf6 41. Nc6 Re8 42. bxa5 Re1+ 43. Bf1 Ne4 44. Be3 Nxc3 45. g3 Ra1 46. a6 Ne2+ 47. Kg2 Rxa6 48. Nd4 Ra2 49. Bxe2 Ra3 50. Kf3 Ra5 51. Bd3+ Kg8 52. Ke4 Kf7 53. Bb5 Kf6 54. Kd5 g5 55. Kd6 Ra1 56. Bc6 Rd1 57. Be4 Ra1 58. h4 gxh4 59. gxh4 Ra6+ 60. Nc6 h5 61. Bd4+ Kf7 62. f4 Ra3 63. f5 Rh3 64. Bd5+ Kf8 65. Ne5 Kg7 66. Nd7+ Kh6 67. f6 Rxh4 68. f7 1-0

[Event "GER-ch U12"]
[Site "Willingen"]
[Date "2024.05.21"]
[Round "4"]
[White "Tarasenko, Nazar"]
[Black "Peglau, Paul David"]
[Result "1-0"]
[WhiteElo "2061"]
[BlackElo "1806"]
[PlyCount "62"]
[EventDate "2024.05.19"]
[EventType "swiss"]
[EventRounds "9"]
[EventCountry "GER"]
[SourceTitle "CBM 220 Extra"]
[Source "ChessBase"]
[SourceDate "2024.07.31"]
[SourceVersion "1"]
[SourceVersionDate "2024.07.31"]
[SourceQuality "1"]

1. d4 d5 2. c4 e6 3. Nc3 Nf6 4. cxd5 Nxd5 5. e4 Nxc3 6. bxc3 c5 7. Nf3 cxd4 8. cxd4 Bb4+ 9. Bd2 Bxd2+ 10. Qxd2 0-0 11. Be2 b6 12. 0-0 Bb7 13. Qe3 Nd7 14. Rad1 Rc8 15. Bd3 Re8 16. Rfe1 Nf8 17. h4 h5 18. Ng5 Re7 19. Be2 g6 20. e5 Rc2 21. Qf4 Nh7 22. Bd3 Rb2 23. Nh3 Rd7 24. Qh6 Qxh4 25. d5 Bxd5 26. Rc1 Bb7 27. Be4 Bxe4 28. Rxe4 Qe7 29. Rec4 Rbd2 30. Rc8+ Nf8 31. Ng5 Rd8 1-0

[Event "GER-ch U12"]
[Site "Willingen"]
[Date "2024.05.19"]
[Round "2"]
[White "Peglau, Paul David"]
[Black "Hagn, Tobias"]
[Result "1-0"]
[WhiteElo "1806"]
[BlackElo "1631"]
[PlyCount "129"]
[EventDate "2024.05.19"]
[EventType "swiss"]
[EventRounds "9"]
[EventCountry "GER"]
[SourceTitle "CBM 220 Extra"]
[Source "ChessBase"]
[SourceDate "2024.07.31"]
[SourceVersion "1"]
[SourceVersionDate "2024.07.31"]
[SourceQuality "1"]

1. d4 d5 2. Nf3 c5 3. c4 e6 4. e3 Nc6 5. Nc3 Nf6 6. a3 Be7 7. dxc5 Bxc5 8. b4 Bd6 9. c5 Bc7 10. Nd4 e5 11. Nb3 0-0 12. Bb2 d4 13. Nb5 dxe3 14. fxe3 Bb8 15. Nc3 Be6 16. Nd2 Ng4 17. Nc4 Qf6 18. Ne4 Qf5 19. Qf3 Qg6 20. h3 Nh6 21. b5 Ne7 22. Ned6 Bd5 23. Nxe5 Bxf3 24. Nxg6 Nxg6 25. gxf3 Bxd6 26. cxd6 Nf5 27. Kf2 Nxd6 28. Be2 Rfe8 29. Rhd1 Nf5 30. e4 Nf4 31. Bf1 Ne7 32. Rd7 Rab8 33. Rc1 Ne6 34. Bc4 Kf8 35. Bxe6 fxe6 36. Rcc7 a6 37. b6 Rbd8 38. Rxb7 Rxd7 39. Rxd7 Rb8 40. Bxg7+ Ke8 41. Rd6 Nc8 42. Rxe6+ Kf7 43. Be5 Kxe6 44. Bxb8 Nxb6 45. Bf4 Nc4 46. Bc1 Ne5 47. Ke3 Nc6 48. f4 Na5 49. f5+ Kd6 50. Kf4 Nc4 51. Kg5 Ke7 52. a4 Nb6 53. Ba3+ Kf7 54. e5 Nc8 55. e6+ Ke8 56. f6 Nb6 57. f7+ Kd8 58. f8Q+ Kc7 59. Qd6+ Kb7 60. e7 Nc8 61. e8Q Nxd6 62. Bxd6 Kb6 63. Qc8 Ka5 64. Qc5+ Kxa4 65. Qb4# 1-0

[Event "Prague Futures 6th"]
[Site "Prague"]
[Date "2024.02.28"]
[Round "2"]
[White "Peglau, Paul David"]
[Black "Andre, Tomas"]
[Result "0-1"]
[WhiteElo "1822"]
[BlackElo "1915"]
[PlyCount "74"]
[EventDate "2024.02.27"]
[EventType "tourn"]
[EventRounds "9"]
[EventCountry "CZE"]
[SourceTitle "CBM 219 Extra"]
[Source "ChessBase"]
[SourceDate "2024.05.31"]
[SourceVersion "1"]
[SourceVersionDate "2024.05.31"]
[SourceQuality "1"]

1. Nf3 Nf6 2. g3 g6 3. Bg2 Bg7 4. c4 0-0 5. d4 d6 6. Nc3 Nc6 7. 0-0 e5 8. e3 Re8 9. b3 Nd7 10. dxe5 dxe5 11. Bb2 Nc5 12. Qe2 e4 13. Rad1 Bd7 14. Nd4 Nb4 15. a3 Nbd3 16. Nxe4 Rxe4 17. Rxd3 Nxd3 18. Qxd3 Re8 19. Qc2 c6 20. Nf3 Bf5 21. Qc1 Bxb2 22. Qxb2 Qe7 23. Nd4 Qe5 24. Qc1 Rad8 25. Nxf5 Qxf5 26. e4 Qd7 27. f4 Qd2 28. Qb1 Rd3 29. Rc1 Qe3+ 30. Kh1 Rxb3 31. Qc2 Rxa3 32. Rd1 Rc3 33. Qb2 Rxc4 34. Qxb7 Rcxe4 35. Qxc6 Rd4 36. Rg1 Red8 37. Qc5 Rd3 0-1

[Event "Podbanske Tatra Cup 69th"]
[Site "Podbanske"]
[Date "2023.10.06"]
[Round "7"]
[White "Peglau, Paul David"]
[Black "Gay, Lukas"]
[Result "1/2-1/2"]
[WhiteElo "1752"]
[BlackElo "1762"]
[PlyCount "72"]
[EventDate "2023.10.01"]
[EventType "swiss"]
[EventRounds "7"]
[EventCountry "SVK"]
[SourceTitle "CBM 216 Extra"]
[Source "ChessBase"]
[SourceDate "2023.11.30"]
[SourceVersion "1"]
[SourceVersionDate "2023.11.30"]
[SourceQuality "1"]

1. c4 Nc6 2. Nc3 Nf6 3. g3 e6 4. Bg2 d5 5. Nf3 d4 6. Nb1 Be7 7. d3 e5 8. 0-0 h5 9. Bg5 Ng4 10. Bxe7 Qxe7 11. Nbd2 Bd7 12. a3 g5 13. h4 gxh4 14. Nxh4 0-0-0 15. b4 Rdg8 16. b5 Nd8 17. Qa4 Kb8 18. Qb4 Qxb4 19. axb4 c6 20. bxc6 Bxc6 21. Ne4 Nh6 22. b5 Bxe4 23. Bxe4 Ne6 24. Ra2 Nc5 25. Bd5 Rg4 26. Bf3 Rg5 27. Ra3 f5 28. Rfa1 e4 29. Rxa7 Na6 30. Rxb7+ Kxb7 31. bxa6+ Ka7 32. dxe4 f4 33. Ng2 fxg3 34. fxg3 Rxg3 35. Kf2 Rhg8 36. Rh1 R3g5 1/2-1/2

[Event "World-chT Rapid"]
[Site "Duesseldorf"]
[Date "2023.08.28"]
[Round "12"]
[White "Spiegelberg, Silvia"]
[Black "Peglau, Paul David"]
[Result "1-0"]
[WhiteElo "1934"]
[BlackElo "1768"]
[PlyCount "53"]
[EventDate "2023.08.26"]
[EventType "team-swiss (rapid)"]
[EventRounds "12"]
[EventCountry "GER"]
[SourceTitle "CBM 215 Extra"]
[Source "ChessBase"]
[SourceDate "2023.09.30"]
[SourceVersion "1"]
[SourceVersionDate "2023.09.30"]
[SourceQuality "1"]
[WhiteTeam "Heilbronn Hustlers"]
[BlackTeam "Mitropa Chess Association"]
[WhiteTeamCountry "GER"]
[BlackTeamCountry "GER"]

1. e4 c6 2. c4 d5 3. exd5 cxd5 4. cxd5 Nf6 5. Nc3 g6 6. Nf3 Bg7 7. Bc4 0-0 8. 0-0 Na6 9. Re1 Nc7 10. Qb3 Qd6 11. Ne5 Rd8 12. d4 Ncxd5 13. Bg5 Be6 14. Nb5 Qb6 15. a4 a5 16. Rac1 Rac8 17. h3 h6 18. Bd2 Nc7 19. Bxe6 Nxe6 20. Rxc8 Rxc8 21. Nxg6 Re8 22. Ne5 Ng5 23. Bxg5 hxg5 24. Qxf7+ Kh8 25. Ng6+ Kh7 26. Nxe7 Qd8 27. d5 1-0

[Event "EU Union-ch U10"]
[Site "Kouty nad Desnou"]
[Date "2023.08.23"]
[Round "8"]
[White "Ribreau, Anna"]
[Black "Peglau, Paul David"]
[Result "0-1"]
[WhiteElo "1195"]
[BlackElo "1768"]
[PlyCount "90"]
[EventDate "2023.08.16"]
[EventType "swiss"]
[EventRounds "9"]
[EventCountry "CZE"]
[SourceTitle "EXT 2024"]
[Source "ChessBase"]
[SourceDate "2023.10.10"]
[SourceVersion "1"]
[SourceVersionDate "2023.10.10"]
[SourceQuality "1"]

1. c4 b6 2. d4 Bb7 3. Nc3 e6 4. a3 Nf6 5. Nf3 Be7 6. e3 0-0 7. Bd3 h6 8. 0-0 d6 9. e4 Nbd7 10. e5 dxe5 11. Nxe5 Nxe5 12. dxe5 Nd7 13. Bf4 Bg5 14. Bg3 Nc5 15. Be2 Qe7 16. Qe1 Bh4 17. f4 Bxg3 18. Qxg3 Rad8 19. Rad1 Ne4 20. Nxe4 Bxe4 21. Qe3 Bb7 22. b4 Ra8 23. Rc1 a5 24. c5 axb4 25. axb4 bxc5 26. Qxc5 Qxc5+ 27. Rxc5 Ra2 28. Bf3 Bxf3 29. Rxf3 Rd8 30. Rf2 Rd1+ 31. Rf1 Rdd2 32. Rfc1 Rxg2+ 33. Kh1 Rxh2+ 34. Kg1 Rhg2+ 35. Kh1 Rgb2 36. b5 Ra5 37. Rxc7 Raxb5 38. R7c2 Rxc2 39. Rxc2 Rb4 40. Rf2 Kh7 41. Kg2 Kg6 42. Kg3 Kf5 43. Rf1 h5 44. Rh1 g6 45. Rf1 h4+ 0-1

[Event "EU Union-ch U10"]
[Site "Kouty nad Desnou"]
[Date "2023.08.19"]
[Round "4"]
[White "Peglau, Paul David"]
[Black "Zilincan, Tomas"]
[Result "1-0"]
[WhiteElo "1768"]
[BlackElo "1453"]
[PlyCount "61"]
[EventDate "2023.08.16"]
[EventType "swiss"]
[EventRounds "9"]
[EventCountry "CZE"]
[SourceTitle "EXT 2024"]
[Source "ChessBase"]
[SourceDate "2023.10.10"]
[SourceVersion "1"]
[SourceVersionDate "2023.10.10"]
[SourceQuality "1"]

1. d4 e6 2. c4 d5 3. Nc3 Nf6 4. Nf3 c6 5. Bg5 Be7 6. e3 0-0 7. Qc2 Re8 8. Bd3 dxc4 9. Bxc4 Nd5 10. Bxe7 Qxe7 11. 0-0 Nd7 12. a3 Nxc3 13. bxc3 e5 14. Qb3 exd4 15. exd4 Nb6 16. Rfe1 Be6 17. Bxe6 fxe6 18. Re5 Nd7 19. Re2 Nf8 20. Rae1 Kh8 21. Qb1 Qxa3 22. Qxb7 Qxc3 23. Ng5 a5 24. Kf1 Rab8 25. Qc7 Qxd4 26. Qxa5 Rb5 27. Nf7+ Kg8 28. Qc7 Qd7 29. Qxd7 Nxd7 30. Nd6 Nf8 31. Nxe8 1-0

[Event "EU Union-ch U10"]
[Site "Kouty nad Desnou"]
[Date "2023.08.17"]
[Round "2"]
[White "Peglau, Paul David"]
[Black "Lukas, Olivia"]
[Result "1-0"]
[WhiteElo "1768"]
[BlackElo "1288"]
[PlyCount "71"]
[EventDate "2023.08.16"]
[EventType "swiss"]
[EventRounds "9"]
[EventCountry "CZE"]
[SourceTitle "EXT 2024"]
[Source "ChessBase"]
[SourceDate "2023.10.10"]
[SourceVersion "1"]
[SourceVersionDate "2023.10.10"]
[SourceQuality "1"]

1. d4 d5 2. c4 e6 3. Nc3 c5 4. cxd5 exd5 5. dxc5 d4 6. Ne4 Nf6 7. Bg5 Be7 8. Bxf6 Qa5+ 9. Qd2 Qxd2+ 10. Kxd2 gxf6 11. Nf3 f5 12. Nd6+ Bxd6 13. cxd6 Nc6 14. Rd1 Be6 15. e3 dxe3+ 16. Kxe3 Bxa2 17. Bb5 a6 18. Bxc6+ bxc6 19. Nd4 Bd5 20. Kf4 Kd7 21. Nxf5 Bxg2 22. Rhe1 Rhe8 23. Re7+ Rxe7 24. dxe7+ Ke8 25. Re1 Kd7 26. Ng7 Re8 27. Nxe8 Kxe8 28. Kg5 Bd5 29. f4 Be6 30. f5 Bd7 31. Kf6 h5 32. Rg1 Bc8 33. Rg8+ Kd7 34. e8Q+ Kd6 35. Qxc8 c5 36. Rd8# 1-0

[Event "GER-ch U10"]
[Site "Willingen"]
[Date "2023.05.29"]
[Round "3"]
[White "Peglau, Paul David"]
[Black "Heins, Simon"]
[Result "1-0"]
[WhiteElo "1745"]
[BlackElo "1592"]
[PlyCount "71"]
[EventDate "2023.05.27"]
[EventType "swiss"]
[EventRounds "11"]
[EventCountry "GER"]
[SourceTitle "CBM 214 Extra"]
[Source "ChessBase"]
[SourceDate "2023.07.31"]
[SourceVersion "1"]
[SourceVersionDate "2023.07.31"]
[SourceQuality "1"]

1. Nf3 Nf6 2. d4 d5 3. Bf4 Bf5 4. e3 e6 5. c4 Bd6 6. Bg3 c5 7. Nc3 Nc6 8. cxd5 Nxd5 9. Nxd5 exd5 10. Bb5 0-0 11. 0-0 a6 12. Bxc6 bxc6 13. Bxd6 Qxd6 14. dxc5 Qxc5 15. Rc1 Qb5 16. Nd4 Qd3 17. Qxd3 Bxd3 18. Rfd1 Bb5 19. Nxc6 Rac8 20. Ne7+ Kh8 21. Rxc8 Be8 22. Rxd5 h6 23. Rdd8 a5 24. Rxe8 Rxe8 25. Rxe8+ Kh7 26. Ra8 g5 27. Rxa5 f5 28. b4 f4 29. b5 fxe3 30. fxe3 g4 31. b6 g3 32. b7 gxh2+ 33. Kxh2 h5 34. b8Q h4 35. Qg8+ Kh6 36. Qg6# 1-0

[Event "GER-ch U10"]
[Site "Willingen"]
[Date "2022.06.09"]
[Round "8"]
[White "Sheng, Ming"]
[Black "Peglau, Paul David"]
[Result "1/2-1/2"]
[WhiteElo "1330"]
[BlackElo "1623"]
[PlyCount "77"]
[EventDate "2022.06.04"]
[EventType "swiss"]
[EventRounds "11"]
[EventCountry "GER"]
[SourceTitle "CBM 208 Extra"]
[Source "ChessBase"]
[SourceDate "2022.07.31"]
[SourceVersion "1"]
[SourceVersionDate "2022.07.31"]
[SourceQuality "1"]

1. e4 c5 2. Nf3 Nc6 3. d4 cxd4 4. Nxd4 g6 5. Nc3 Bg7 6. Be3 Nf6 7. Nxc6 bxc6 8. e5 Nd5 9. Nxd5 cxd5 10. Qxd5 Rb8 11. Bxa7 Rxb2 12. Bd4 Rxc2 13. Bd3 Rc6 14. 0-0 0-0 15. a4 Qc7 16. Bb5 Re6 17. Rfc1 Qb8 18. Bxd7 Bxd7 19. Qxd7 Rd8 20. Qa7 Qxa7 21. Bxa7 Bxe5 22. Ra2 Ra6 23. Bc5 Rda8 24. Bxe7 Rxa4 25. Rxa4 Rxa4 26. g3 Ra1 27. Rxa1 Bxa1 28. Kg2 f5 29. Kf3 Kf7 30. Bc5 Kf6 31. Ke3 Kg5 32. Be7+ Kg4 33. h4 Be5 34. Bg5 Bc7 35. Ke2 f4 36. gxf4 Bxf4 37. f3+ Kg3 38. Bxf4+ Kxf4 39. Kf2 1/2-1/2